000 00994nam a2200289 i 4500
003 DO-SdBNP
005 20250305094751.0
007 ta
008 250305b1977 cl c|||| |||| 00| 0 spa d
040 _aDO-SdBNP
_bspa
_cBNPHU
_erda
082 4 _axxx
_bxxx
_222
100 _aNeruda, Pablo,
_d1904-1973
_eautor
_4aut.
_99164
245 1 0 _aPara nacer he nacido /
_cPablo Neruda ; edición, Matilde Neruda, Miguel Otro Silva
264 1 _aChile :
_bSeix Barral,
_c1977.
300 _a448 páginas :
_bretratos ;
_c21 cm.
336 _atexto
_btxt
_2rdacontent
337 _asin mediación
_bn
_2rdamedia
338 _avolumen
_bnc
_2rdacarrier
490 _aColección Biblioteca Breve
500 _aIncluye referencias bibliográficas y notas al píe de las páginas
500 _aIncluye índice onomástico
590 _aInventariado, 2025/BT
700 1 _aNeruda, Matilde,
_eeditor
_4ed
_987116
710 _aOtero Silva, Miguel,
_eeditor
_4ed.
_987117
910 _aBtavárez
942 _2ddc
_cLBS1
999 _c58313
_d58313